00780cam a22002411 4500001001300000003000400013005001700017008004100034010001700075035002000092040002400112041001100136042001200147050002100159100002600180245017300206250001700379260003500396300001900431650004300450700002800493999001700521sa 67003501 DLC20260227112338.0760629s1964 ii d 000 0 eng  asa 67003501  a(OCoLC)13885618 aDLCcNNdOCoLCdDLC0 aengori apremarc00aPK2566b.K3 19641 aKar, Krushna Chandra.10aNew method English-Oriya dictionary,bcontaining about 28,000 word-meanings and a supplement of technical terms.cCompiled by K. C. Kar. Rev. by A professor of English. a[Enl. 2d ed. aCuttack,bA. Mahapatra,c1964] a807 p.c17 cm. 0aEnglish languagexDictionariesxOriya.0 aA professor of English. c73881d73881